00449nam a2200157Ia 4500003000400000008004100004040001600045082002000061100003100081245007000112300002400182490000500206650002800211650002600239650002600265GCL140319s9999 xx 000 0 ara d aGCL / cGCL04a808.068 bه ط1 aهدى محمد قناوى10aالطفل وادب الاطفال / cهدى محمد قناوى a327 ص ؛ c22 سم a04aالادب العربى04aادب الاطفال04aكتب الاطفال